| 000 | 00608nam a2200217Ia 4500 | ||
|---|---|---|---|
| 001 | 5480 | ||
| 003 | GE_BSU | ||
| 008 | 181216s||||||||xx |||||||||||||| ||und|| | ||
| 040 | _cGE_BSU | ||
| 080 | _a510 | ||
| 100 | _aЛидский, В.Б. | ||
| 245 | _aЗадачи по элементарной математике. | ||
| 245 | _bИзд. 5-ОЕ, стереот. | ||
| 245 | _cРед. А.Л. Баева. | ||
| 260 | _aМосква | ||
| 260 | _bНаука | ||
| 260 | _c1967 | ||
| 300 | _a415 с. 20 см. | ||
| 653 | _aЗадачи по элементарной математике. | ||
| 942 | _cBK | ||
| 999 |
_c39003 _d39003 |
||